Vyhliadka a vinárstvo, Pezinok

Gespeichert in:
Bibliographische Detailangaben
1. Verfasser: Púčiková, Simona (Verfasst von)
Weitere Verfasser: Šebo, Tomáš (Betreuung Doktorarbeit)
Format: Manuskript Buch
Sprache:Slowakisch
Veröffentlicht: 2024
Schlagworte:
Online-Zugang:http://is.stuba.sk/zp/portal_zp.pl?podrobnosti=162057
Tags: Tag hinzufügen
Keine Tags, Fügen Sie das erste Tag hinzu!

MARC

LEADER 00000ntm a22000003a 4500
001 stuzp98883
003 SK-STU
005 20240615211254.5
007 ta
008 150427s2015----xo-----f-mn---000-0-slo-d
040 |a STU  |b slo 
041 0 |a slo 
100 1 |a Púčiková, Simona  |u 058180  |4 aut  |U FAD Fakulta architektúry a dizajnu  |T FAD Ústav architektúry občianskych budov  |X 110314  |U A8180  |Y 399  |7 110314 
242 0 1 |a Lookout Point and Winery, Pezinok  |y eng 
245 1 0 |a Vyhliadka a vinárstvo, Pezinok 
260 |c 2024 
650 4 |a pozitív  |2 slo 
650 4 |a línia  |2 slo 
650 4 |a surové materiály  |2 slo 
650 4 |a zeleň  |2 slo 
650 4 |a atmosféry  |2 slo 
650 4 |a vinárstvo  |2 slo 
650 4 |a negatív  |2 slo 
650 4 |a atmospheres  |2 eng 
650 4 |a winery  |2 eng 
650 4 |a positive  |2 eng 
650 4 |a negative  |2 eng 
650 4 |a line  |2 eng 
650 4 |a greenery  |2 eng 
650 4 |a raw materials  |2 eng 
700 1 |a Šebo, Tomáš  |4 ths  |X 79065  |7 79065 
856 4 |u http://is.stuba.sk/zp/portal_zp.pl?podrobnosti=162057